[Event "Niederrhein-ch "]
[Site "Krefeld"]
[Date "2012.04.06"]
[Round "7"]
[White "Klasmeier, Mario"]
[Black "Ruprecht, Thomas"]
[Result "1-0"]
[WhiteElo "1853"]
[BlackElo "1988"]
[PlyCount "131"]
[EventDate "2012.03.31"]
[EventType "swiss"]
[EventRounds "7"]
[EventCountry "GER"]
[SourceTitle "EXT 2014"]
[Source "ChessBase"]
[SourceDate "2013.11.20"]
[SourceVersion "1"]
[SourceVersionDate "2013.11.20"]
[SourceQuality "1"]

1. e4 e6 2. d4 d5 3. Nc3 Bb4 4. e5 c5 5. a3 Bxc3+ 6. bxc3 Qc7 7. Nf3 Nc6 8. Bd3 c4 9. Be2 Bd7 10. 0-0 0-0-0 11. a4 f5 12. Ba3 Be8 13. g4 Nge7 14. Bc1 h6 15. h3 fxg4 16. hxg4 g5 17. Kg2 Ng6 18. Rh1 Qg7 19. Qg1 Bd7 20. Kf1 Rdf8 21. Be3 Nf4 22. Ra2 Be8 23. Ke1 Bg6 24. Nd2 Ne7 25. Bf3 Be8 26. a5 Neg6 27. Rh2 Nh4 28. Bd1 Rhg8 29. Qg3 Nfg6 30. a6 b6 31. Be2 Bb5 32. f3 Qe7 33. Kd1 Nf4 34. Bxf4 Rxf4 35. Rxh4 gxh4 36. Qxf4 Qg7 37. Qf6 Qxf6 38. exf6 Rf8 39. Ke1 Rxf6 40. Kf2 Be8 41. Nf1 h5 42. Nh2 hxg4 43. Nxg4 Rf8 44. Bf1 Kc7 45. Ne5 Kd6 46. Bh3 Rg8 47. Ra1 Rg7 48. Re1 Bb5 49. Ra1 Be8 50. Bg4 Bb5 51. Kg2 Be8 52. Kh3 Rh7 53. Re1 Rh6 54. f4 Rf6 55. Kxh4 Rxf4 56. Nxc4+ Kc7 57. Ne5 Bb5 58. Kg3 Rf6 59. Be2 Bxe2 60. Rxe2 Rf1 61. Rh2 Rg1+ 62. Kf3 Rg7 63. Rh8 b5 64. Re8 Rh7 65. Ke2 Rh6 66. Nd3 1-0

[Event "Leverkusen Bayer op 9th"]
[Site "Leverkusen"]
[Date "2011.03.28"]
[Round "6"]
[White "Klasmeier, Mario"]
[Black "Scharff, Klaus"]
[Result "1/2-1/2"]
[WhiteElo "1820"]
[BlackElo "1887"]
[PlyCount "70"]
[EventDate "2011.01.10"]
[EventType "swiss"]
[EventRounds "7"]
[EventCountry "GER"]
[SourceTitle "EXT 2012"]
[Source "ChessBase"]
[SourceDate "2011.11.24"]
[SourceVersion "1"]
[SourceVersionDate "2011.11.24"]
[SourceQuality "1"]

1. d4 e6 2. Nf3 d6 3. e4 Nd7 4. c4 Ne7 5. Nc3 h6 6. Be3 a6 7. Bd3 c6 8. Qc2 b5 9. b3 g5 10. g4 Bg7 11. 0-0-0 bxc4 12. Bxc4 Nb6 13. Be2 a5 14. h4 gxh4 15. Nxh4 Ba6 16. Bxa6 Rxa6 17. g5 a4 18. Qd3 Qa8 19. b4 a3 20. gxh6 Bxh6 21. Bxh6 Rxh6 22. Nf5 Rxh1 23. Rxh1 Kd7 24. Nxe7 Kxe7 25. Qg3 Qf8 26. Qg5+ Kd7 27. b5 Ra8 28. bxc6+ Kxc6 29. Qb5+ Kb7 30. Kd2 Qg7 31. Ke3 Ra5 32. Qe8 Nc4+ 33. Kd3 Nb2+ 34. Kc2 Qxd4 35. Qd7+ Ka6 1/2-1/2

[Event "Leverkusen-ch op"]
[Site "Leverkusen"]
[Date "2010.04.12"]
[Round "6"]
[White "Scharff, Klaus"]
[Black "Klasmeier, Mario"]
[Result "1-0"]
[WhiteElo "2057"]
[BlackElo "1842"]
[PlyCount "51"]
[EventDate "2010.01.18"]
[EventType "swiss"]
[EventRounds "7"]
[EventCountry "GER"]
[SourceTitle "EXT 2011"]
[Source "ChessBase"]
[SourceDate "2010.11.26"]
[SourceVersion "1"]
[SourceVersionDate "2010.11.26"]
[SourceQuality "1"]

1. d4 d5 2. c4 c6 3. Nc3 Bf5 4. f3 e6 5. e4 dxe4 6. fxe4 Bg6 7. Nf3 Bb4 8. e5 Ne7 9. Be2 0-0 10. a3 Bxc3+ 11. bxc3 c5 12. 0-0 Nbc6 13. Bg5 h6 14. Bh4 Be4 15. Bd3 Bxf3 16. Qxf3 g5 17. Qe4 Ng6 18. Rf6 Qe8 19. Bg3 Kg7 20. Raf1 Nce7 21. d5 Nf5 22. R1xf5 exf5 23. Qxf5 Rh8 24. e6 Ne7 25. Rxf7+ Kg8 26. Qf6 1-0

[Event "Leverkusen-ch op"]
[Site "Leverkusen"]
[Date "2010.02.22"]
[Round "3"]
[White "Klasmeier, Mario"]
[Black "Ender, Kurt"]
[Result "1-0"]
[WhiteElo "1842"]
[BlackElo "1612"]
[PlyCount "75"]
[EventDate "2010.01.18"]
[EventType "swiss"]
[EventRounds "7"]
[EventCountry "GER"]
[SourceTitle "EXT 2011"]
[Source "ChessBase"]
[SourceDate "2010.11.26"]
[SourceVersion "1"]
[SourceVersionDate "2010.11.26"]
[SourceQuality "1"]

1. e4 e5 2. Nf3 Nf6 3. Nxe5 d6 4. Nf3 Nxe4 5. d4 d5 6. Bd3 f5 7. 0-0 Be7 8. c4 c6 9. cxd5 cxd5 10. Bb5+ Bd7 11. Bxd7+ Nxd7 12. Qb3 Nb6 13. Bf4 0-0 14. a4 a5 15. Na3 Bxa3 16. Qxa3 g5 17. Nxg5 Nxg5 18. Qg3 Qe8 19. Qxg5+ Qg6 20. Qxg6+ hxg6 21. b3 Rfc8 22. Rac1 Rxc1 23. Rxc1 Rc8 24. Rc7 Rxc7 25. Bxc7 Na8 26. Bxa5 Kf7 27. Bd8 Ke8 28. Bf6 Nb6 29. Be5 Ke7 30. f4 Kd7 31. Kf2 Kc6 32. Kf3 Nd7 33. g4 b5 34. gxf5 gxf5 35. Bg7 Nb6 36. h4 b4 37. h5 Nc4 38. h6 1-0

[Event "Solingen-ch"]
[Site "Solingen"]
[Date "2009.09.15"]
[Round "2"]
[White "Hobusch, Jan"]
[Black "Klasmeier, Mario"]
[Result "1-0"]
[WhiteElo "1545"]
[BlackElo "1832"]
[PlyCount "79"]
[EventDate "2009.09.15"]
[EventType "swiss"]
[EventRounds "7"]
[EventCountry "GER"]
[SourceTitle "EXT 2011"]
[Source "ChessBase"]
[SourceDate "2010.11.26"]
[SourceVersion "1"]
[SourceVersionDate "2010.11.26"]
[SourceQuality "1"]

1. e4 e5 2. Nf3 Nc6 3. Bc4 Nf6 4. Ng5 d5 5. exd5 b5 6. Bxb5 Qxd5 7. Bf1 h6 8. Nc3 Qa5 9. Nge4 Nxe4 10. Nxe4 Be7 11. Bc4 0-0 12. 0-0 Bf5 13. Ng3 Bg6 14. d3 Rad8 15. Qg4 e4 16. Qxg6 Ne5 17. Qxe4 Bd6 18. Qd5 Nxc4 19. Qxc4 Rfe8 20. Qg4 Re6 21. Be3 Rg6 22. Qe2 Re8 23. Qd2 Qb5 24. c4 Qc6 25. f4 h5 26. f5 Rg4 27. Bf4 Qb6+ 28. Kh1 Bb4 29. Qc2 h4 30. Ne4 h3 31. gxh3 Rh4 32. Qf2 Rxh3 33. Qxb6 cxb6 34. Bg3 f6 35. a3 Bf8 36. Rae1 Rd8 37. Rd1 Rd4 38. Rf4 Rd7 39. Rh4 Rxh4 40. Bxh4 1-0

[Event "Solingen-ch"]
[Site "Solingen"]
[Date "2009.09.15"]
[Round "3"]
[White "Klasmeier, Mario"]
[Black "Mueller, Ernst"]
[Result "1-0"]
[WhiteElo "1832"]
[BlackElo "1576"]
[PlyCount "39"]
[EventDate "2009.09.15"]
[EventType "swiss"]
[EventRounds "7"]
[EventCountry "GER"]
[SourceTitle "EXT 2011"]
[Source "ChessBase"]
[SourceDate "2010.11.26"]
[SourceVersion "1"]
[SourceVersionDate "2010.11.26"]
[SourceQuality "1"]

1. e4 e5 2. Nf3 Nc6 3. Bc4 Nf6 4. Ng5 Bc5 5. Nxf7 Bxf2+ 6. Kf1 Qe7 7. Nxh8 d5 8. exd5 Nd4 9. c3 Bg4 10. Qa4+ Bd7 11. Qa3 Nc2 12. Qxe7+ Kxe7 13. Ng6+ hxg6 14. Kxf2 Bf5 15. d3 Nxa1 16. Na3 a6 17. Bg5 b5 18. Rxa1 bxc4 19. Nxc4 Bxd3 20. Nxe5 1-0

[Event "Solingen-ch"]
[Site "Solingen"]
[Date "2009.09.15"]
[Round "6"]
[White "Klasmeier, Mario"]
[Black "Speck, Stefan"]
[Result "1/2-1/2"]
[WhiteElo "1832"]
[BlackElo "2042"]
[PlyCount "57"]
[EventDate "2009.09.15"]
[EventType "swiss"]
[EventRounds "7"]
[EventCountry "GER"]
[SourceTitle "EXT 2011"]
[Source "ChessBase"]
[SourceDate "2010.11.26"]
[SourceVersion "1"]
[SourceVersionDate "2010.11.26"]
[SourceQuality "1"]

1. d4 d5 2. c4 c6 3. Nf3 Nf6 4. e3 a6 5. Nc3 e6 6. Bd3 dxc4 7. Bxc4 b5 8. Bd3 c5 9. 0-0 Nc6 10. Ne4 c4 11. Nxf6+ gxf6 12. Be4 Bb7 13. Nd2 f5 14. Bf3 Bd6 15. Re1 Qc7 16. Nf1 Nb4 17. e4 Nd3 18. Re3 Bf4 19. Rxd3 cxd3 20. exf5 Bxc1 21. Rxc1 Bxf3 22. Qxf3 Qxc1 23. Qxa8+ Ke7 24. f6+ Kd7 25. Qb7+ Qc7 26. Qe4 Qc2 27. Qb7+ Qc7 28. Qe4 Qc2 29. Qb7+ 1/2-1/2

[Event "Niederrhein-ch"]
[Site "Wuppertal"]
[Date "2008.03.17"]
[Round "3"]
[White "Klasmeier, Mario"]
[Black "Lemanczyk, Thomas"]
[Result "0-1"]
[WhiteElo "1822"]
[BlackElo "2231"]
[PlyCount "110"]
[EventDate "2008.03.15"]
[EventType "swiss"]
[EventRounds "7"]
[EventCountry "GER"]
[SourceTitle "EXT 2010"]
[Source "ChessBase"]
[SourceDate "2010.11.25"]
[SourceVersion "1"]
[SourceVersionDate "2010.11.25"]
[SourceQuality "1"]

1. e4 c5 2. Nf3 d6 3. d4 Nf6 4. Bb5+ Bd7 5. Bxd7+ Qxd7 6. Nc3 cxd4 7. Nxd4 g6 8. 0-0 Bg7 9. f4 0-0 10. f5 Nc6 11. Nxc6 bxc6 12. Be3 Qb7 13. Rb1 Rad8 14. Qf3 Nd7 15. Ne2 Ne5 16. Qh3 c5 17. Nc3 Rfe8 18. Nd5 Nd7 19. Kh1 Nf6 20. Qf3 Rb8 21. c4 Rf8 22. b3 a5 23. h4 e6 24. Nxf6+ Bxf6 25. Bh6 Bg7 26. Bxg7 Kxg7 27. f6+ Kh8 28. Rfd1 Rbd8 29. Rd3 a4 30. Rbd1 axb3 31. axb3 Qb8 32. Qe3 Rg8 33. Qd2 e5 34. Qa5 Qb7 35. Qe1 h5 36. Rg3 Rd7 37. Qe3 Kh7 38. Rf1 Qb8 39. Qg5 Rb7 40. Rf5 Qf8 41. Rf1 Rb6 42. Qe3 Qb8 43. Rff3 Qa8 44. Kh2 Ra6 45. Rg5 Ra2 46. Rff5 Rxg2+ 47. Kxg2 gxf5 48. Kh3 f4 49. Qg1 Qc8+ 50. Kh2 Rxg5 51. Qxg5 Qg4 52. Qg7+ Qxg7 53. fxg7 Kxg7 54. Kg2 f5 55. exf5 Kf6 0-1